000 00204 a2200097 4500
001 20319
100 _aWood K D
245 _aAero vehicle design
260 _a
_bJohnson Pub Co
_c
090 _c14814
_d14814
942 _aNUST-CAE
_cM
_c5352
999 _c255392
_d255392